Normal view
MARC view
Entry Personal Name
001 - CONTROL NUMBER
- control field: 629665
003 - CONTROL NUMBER IDENTIFIER
- control field: OSt
005 - DATE AND TIME OF LATEST TRANSACTION
- control field: 20221005120810.0
008 - FIXED-LENGTH DATA ELEMENTS
- fixed length control field: 221005|| aca||aabn | a|a d
040 ## - CATALOGING SOURCE
- Original cataloging agency: OSt
- Transcribing agency: OSt
100 ## - HEADING--PERSONAL NAME
- Personal name: Nassau Lees
670 ## - SOURCE DATA FOUND
- Source citation: Work cat.: (OSt)1039160: Nassau Lees, Fatu al shan al mansoob, 1861
